Φορτώνει......

God and Gods in Hinduism

Λεπτομέρειες βιβλιογραφικής εγγραφής
Κύριος συγγραφέας: Donald
Μορφή: Printed Book
Έκδοση: Delhi: Arnold heinemann India.
Θέματα:
LEADER 00390nam a22001214a 4500
082 |a 294.54 
100 |a Donald , 
260 |a Delhi:  |b Arnold heinemann India. 
650 |a Hinduism 
245 |a God and Gods in Hinduism  |c by Donald  
942 |c BK 
999 |c 246231  |d 246231 
952 |0 0  |1 0  |4 0  |6 294_540000000000000_DON  |7 0  |8 G  |9 261584  |a HIS  |b HIS  |d 2020-01-04  |l 0  |o 294.54 DON  |p HIS3556  |r 2020-01-04  |t 1  |w 2020-01-04  |y BK